000 00549cam a22002053a 4500
001 36106
003 PGUSA
005 20140828083759.0
008 110514s2011||||xxu|||||s|||||000 | eng d
040 _aPGUSA
_beng
042 _adc
100 1 _aWood, Henry
_cMrs
245 1 0 _aTrevlyn Hold
_h[electronic resource] /
_cHenry Wood
260 _bProject Gutenberg,
_c2011
506 _aPublic domain in the USA.
516 _aElectronic text
830 0 _aProject Gutenberg
_v36106
856 4 0 _uhttp://www.gutenberg.org/ebooks/36106
942 _cEB
999 _c265361
_d265361